| 000 | 02930nem2a2200385 4500 | ||
|---|---|---|---|
| 001 | RU\NLR\BIBL_A\022514932 | ||
| 005 | 20250627150322.0 | ||
| 010 |
_a978-5-00193-676-3 _9100 |
||
| 035 | _a(NLR Aleph) 022514932 | ||
| 090 |
_a13395240 _c13395240 |
||
| 100 | _a20250407d2023 |||y0rusy50 ca | ||
| 101 | 0 | _arus | |
| 102 | _aRU | ||
| 120 | _abyby xx|| | ||
| 123 | 1 |
_aa _b1000000 |
|
| 200 | 1 |
_aЛист R-58 - Билибино _bКарты _fИсполнители работ: ФГБУ «ВСЕГЕИ» _gАвт.: Е.П. Исаева и др. _gГл. науч. ред. комплекта: В.И. Шпикерман, Г.В. Шнейдер |
|
| 206 | _a1:1 000 000 | ||
| 210 |
_aСанкт-Петербург _cИзд-во ВСЕГЕИ _d2023 |
||
| 215 |
_a4 к. (6 л.) _cцв., схемы, проф., табл. _d93х66 и др., в кор. 25х17 см _e6 электрон. опт. дисков (CD-ROM); 12 см |
||
| 225 | 1 | _aСерия Чукотская | |
| 300 | _aКарты: Карта закономерностей размещения и прогноза полезных ископаемых; Карта прогноза на нефть и газ; Карта полезных ископаемых; Геологическая карта дочетвертичных образований | ||
| 327 | 1 | _aДоп. карты: Тектоническая схема.- 1:2 500 000; Схема глубинного строения.- 1:2 500 000.- Гидрогеологическая схема.- 1:2 500 000; Схема прогноза коренных полезных ископаемых.- 1:2 500 000; Схема прогноза россыпных полезных ископаемых.- 1:2 500 000 | |
| 461 | 0 |
_1001RU\NLR\BIBL_A\012660634 _12001#$aГосударственная геологическая карта Российской Федерации _912754783 _cСанкт-Петербург _d2019-2022 _e3-е поколение _fОформл. и отпеч. на картогр. ф-ке ВСЕГЕИ _nВСЕГЕИ _p...компл _tГосударственная геологическая карта Российской Федерации: Карты |
|
| 509 | 0 | 1 |
_7ca _aЧукотский автономный округ _92635101 _3RU\NLR\auth_crt\551933 |
| 509 | 0 | 1 |
_7ca _aВосточно-Сибирское море _92635243 _3RU\NLR\auth_crt\552075 |
| 606 | 1 |
_aЧетвертичные отложения _jКарты _9990894 _3RU\NLR\AUTH\6656346 |
|
| 607 |
_aЧукотский автономный округ _jКарты _xГеология _91312452 _3RU\NLR\AUTH\66544497 |
||
| 608 |
_aКарты полезных ископаемых _92327007 _3RU\NLR\AUTH\661391795 |
||
| 702 | 1 |
_aИсаева _bЕ.П. _4070 |
|
| 702 | 1 |
_aШпикерман _bВ.И. _4651 |
|
| 702 | 1 |
_aШнейдер _bГ.В. _4651 |
|
| 852 |
_aNLR _bК _j4-Союз 6/5000 _m24-286 |
||
| 942 | _cMAP | ||
| 980 | _aNB | ||